• 首页
  • 本馆介绍
  • 公告通知
  • 最新文献
  • 馆藏检索
  • 电子资源
  • 读者导购
  • 参考咨询
  • 我的图书馆
  • 登录
  • 详细信息显示
  • 放入我的书架
  • 预约/预借图书
  • 作者相关作品
  • 分类相关作品
  • 丛书相关作品
  • 出版社相关作品

书目信息

  • 表格格式
  • 工作单格式
  • 卡片格式
题名:
量子力学
    
 
作者: 中弿贞雄 著 ;马文学 译
分册: 上  
出版信息: 北京   北京师范大学出版社  1989.5
页数: 178页
开本: 20cm
丛书名: 理论物理基础系列教程
单 册:
中图分类: O413.1 , O4
科图分类:
主题词: 量子力学--高等学校--教材
电子资源:
ISBN: 7-303-00431-9
000 00890nam2 2200301 45
001 0189016436
005 20040707092639.9
010    @a7-303-00431-9@dCNY1.55
020    @aCN@b89016436
100    @a19910513d1989 m y0chiy0120 ea
101 1  @achi@cjpn
102    @aCN@b110000
105    @ay z 000yy
106    @ar
200 10 @a量子力学@Aliang zi li xue@h上@f(日)中弿贞雄著@F( ri ) zhong wu zhen xiong zhu@g马文学译
210    @a北京@c北京师范大学出版社@d1989.5
215    @a178页@d20cm
225 2  @a理论物理基础系列教程@v第五册
300    @a高等学校教学用书
410  0 @120010@a理论物理基础系列教程
540 1  @a量子力学@Aliang zi li xue
606    @a量子力学@x高等学校@x教材
690    @aO413.1@v3
690    @aO4
701  0 @a中弿贞雄@Azhong wu zhen xiong@4著
702  0 @a马文学@Ama wen xue@4译
801  0 @aCN@bNLC@c19910513
905    @f1@b238001@dO4@e230:5
    
    量子力学.上/(日)中弿贞雄著/马文学译.-北京:北京师范大学出版社,1989.5
    178页;20cm.-(理论物理基础系列教程;第五册)
    高等学校教学用书
    
    ISBN 7-303-00431-9:CNY1.55
    
●
相关链接 在E读中查询图书 在五车中查询图书 在当当中查询图书 在豆瓣中查询图书


正题名:量子力学     索取号:O4/230:5         预约/预借

序号 登录号 条形码 馆藏地/架位号 状态 备注
1 0238000   000402335   第三借阅区/ [索取号:O4/230:5] 在馆    
2 0238001   001955021   密集书库/ [索取号:O4/230:5] 在馆    
3 0238002   000402344   第三借阅区/ [索取号:O4/230:5] 在馆    
4 0238003   000402326   第三借阅区/ [索取号:O4/230:5] 在馆    
5 0238004   000402406   第三借阅区/ [索取号:O4/230:5] 在馆    
6 0238005   000402399   密集书库/ [索取号:O4/230:5] 在馆    
7 0238006   000402380   密集书库/ [索取号:O4/230:5] 在馆    
8 0238007   000402371   密集书库/ [索取号:O4/230:5] 在馆    
9 0238008   000402353   密集书库/ [索取号:O4/230:5] 在馆    
10 0238009   000402362   第二样本阅览室/ [索取号:O4/230:5] 在馆    
11 0238013   000402308   第二样本阅览室/ [索取号:O4/230:5] 在馆    
唐山师范学院图书馆 欢迎您!
大连网信软件有限公司© 版权所有